000 01090nam a22003377a 4500
001 0059366
003 KOHA_MİRAKIL
005 20260207004226.0
007 ta
008 160826b1999 tu |||gr||||#||||0|tur |
020 _a9754001995
040 _aTR-BiSEU
_btur
_cTR-BiSEU
_erda
041 0 _atur
044 _ctu
050 _aLB1028.5
_b.B39 1999
100 1 _aBayram, Servet.
245 1 _aBilgisayar destekli öğretim teknolojileri/
_cServet Bayram ; Servet Bayram.
264 1 _aİstanbul :
_bMarmara Üniversitesi
_c1999
300 _a153 sayfa; 24 cm.
336 _ametin
_btxt
_2rdacontent
337 _aaracısız
_bn
_2rdamedia
338 _acilt
_bnc
_2rdacarrier
490 1 _aMarmara Üniversitesi Yayın No ;
_v647.
490 1 _aTeknik Eğitim Fakültesi Yayın No ;
_v14.
500 _aKaynakça var.
650 0 _aBilgisayar destekli öğretim.
_91500
650 0 _aComputer-assisted instruction.
_911825
830 1 _aMarmara Üniversitesi Yayın No ;
_v647.
_99497
830 1 _aTeknik Eğitim Fakültesi Yayın No ;
_v14.
_936388
942 _2lcc
_cBK
999 _c59171
_d59171